Operational navigation chart, ONC. G-5, Armenia, Azerbaijan, Iran, Iraq, Turkmenistan.

Bibliographic Details
Corporate Author: United States. National Imagery and Mapping Agency
Format: Government Document Map
Language:English
Published: [Bethesda, Md.] : The Agency ; 1997]
Edition:Ed. 11.
Subjects:

MARC

Tag First Indicator Second Indicator Subfields
LEADER 00000cem a2200000 a 4500
001 in00001402764
005 20151020052149.0
007 aj canzn
008 970820s1997 mduabcgcc a f 0 eng d
010 |a gp 97067325  
034 1 |a a  |b 1000000  |d E0460000  |e E0600000  |f N0400000  |g N0320000 
035 |a (OCoLC)37500592 
035 |9 AHM2878AM 
037 |a NSN 7641-01-409-9603  |b DOD 
037 |a ONCXXG 05  |b NIMA 
040 |a GPO  |c GPO  |d DLC  |d MvI  |d UtOrBLW 
052 |a 7151 
052 |a 7141 
052 |a 7621 
052 |a 7611 
052 |a 7241 
074 |a 0378-E-01 
086 0 |a D 5.354:ONC G-5/997 
110 1 |a United States.  |b National Imagery and Mapping Agency. 
245 1 0 |a Operational navigation chart, ONC.  |n G-5,  |p Armenia, Azerbaijan, Iran, Iraq, Turkmenistan. 
246 3 0 |a Armenia, Azerbaijan, Iran, Iraq, Turkmenistan 
246 2 |a ONC, Armenia, Azerbaijan, Iran, Iraq, Turkmenistan 
250 |a Ed. 11. 
255 |a Scale 1:1,000,000 ;  |b Lambert conformal conic proj., standard parallels 33⁰20ʹ and 38⁰40ʹ  |c (E 46⁰--E 60⁰/N 40⁰--N 32⁰). 
264 1 |a [Bethesda, Md.] :  |b The Agency ;  |c 1997] 
264 2 |a Riverdale, MD :  |b NOAA Distribution Branch (N/ACC3), National Ocean Service, distributor, 
300 |a 1 map :  |b color ;  |c 94 x 134 cm., on sheet 106 x 146 cm., folded to 27 x 37 cm. 
336 |a cartographic image  |b cri  |2 rdacontent 
337 |a unmediated  |b n  |2 rdamedia 
338 |a sheet  |b nb  |2 rdacarrier 
500 |a Relief shown by contours, shading, tints, and spot heights. 
500 |a "Air information current through 4 February 1997." 
500 |a "Compiled October 1973; revised April 1996." 
500 |a "Printed by NIMA 7-97." 
500 |a "Copyright 1997 by the United States Government. No copyright claimed under Title 17 U.S.C." 
500 |a Includes terrain characteristic tints and interchart relationship diagrams. 
500 |a Cartographic material. 
650 0 |a Aeronautical charts  |z Armenia. 
650 0 |a Aeronautical charts  |z Azerbaijan. 
650 0 |a Aeronautical charts  |z Iran. 
650 0 |a Aeronautical charts  |z Iraq. 
650 0 |a Aeronautical charts  |z Turkmenistan. 
999 |a MARS 
999 f f |s 3904728c-b734-3049-b392-c40b22bf65aa  |i 8b9e5743-4b75-363e-a6bb-76269342de8f  |t 0 
952 f f |p normal  |a Texas A&M University  |b College Station  |c Sterling C. Evans Library  |d Evans: Maps (2nd floor)  |t 0  |e G3201.P6 s1000.U5D4  |h Library of Congress classification  |i unmediated -- sheet  |m A14823017104 
998 f f |a G3201.P6 s1000.U5D4  |t 0  |l Evans: Maps (2nd floor)